[Event "Online Olym Top DivD 2020"]
[Site "chess.com INT"]
[Date "2020.08.21"]
[Round "2.2"]
[Board "4"]
[White "Cyfka, Karina"]
[Black "Demchenko, Svitlana"]
[Result "0-1"]
[WhiteTitle "IM"]
[BlackTitle "WIM"]
[WhiteElo "2411"]
[BlackElo "2071"]
[WhiteTeam "Poland"]
[BlackTeam "Canada"]
[WhiteFideId "1122681"]
[BlackFideId "14149893"]
[EventDate "2020.08.21"]
[EventType "team"]

1. d4 Nf6 2. c4 g6 3. Nc3 Bg7 4. e4 d6 5. f3 O-O 6. Nge2 Nc6 7. Be3 a6 8. Rc1
Rb8 9. Qd2 e5 10. d5 Ne7 11. g4 c6 12. Ng3 cxd5 13. cxd5 b5 14. Be2 Nd7 15. h4
f5 16. gxf5 gxf5 17. exf5 Nxf5 18. Nxf5 Rxf5 19. Ne4 Nb6 20. Bg5 Qf8 21. Rg1 Kh8
22. Ng3 Rxf3 23. Bxf3 Qxf3 24. Bh6 Bf6 25. Rc3 Qxd5 26. Rd3 Qc5 27. Be3 Qc7 28.
Bg5 Bg7 29. Rxd6 Bg4 30. Rd8+ Rxd8 31. Qxd8+ Qxd8 32. Bxd8 Nd5 33. Ne4 h5 34.
Nf2 Bf3 35. Rg5 Nf4 36. Rf5 Ng2+ 37. Kd2 e4 38. Nd1 Bxd1 39. Bf6 Bg4 40. Bxg7+
Kxg7 41. Rg5+ Kf6 0-1

[Event "Online Olym Top DivD 2020"]
[Site "chess.com INT"]
[Date "2020.08.21"]
[Round "2.2"]
[Board "5"]
[White "Hua, Eugene"]
[Black "Gumularz, Szymon"]
[Result "0-1"]
[WhiteTitle "FM"]
[BlackTitle "IM"]
[WhiteElo "2336"]
[BlackElo "2506"]
[WhiteTeam "Canada"]
[BlackTeam "Poland"]
[WhiteFideId "2618150"]
[BlackFideId "1188062"]
[EventDate "2020.08.21"]
[EventType "team"]

1. c4 e5 2. g3 Nf6 3. Bg2 d5 4. cxd5 Nxd5 5. Nc3 Nb6 6. Nf3 Nc6 7. a3 Be7 8. b4
Be6 9. d3 O-O 10. O-O f6 11. Rb1 a5 12. b5 Nd4 13. Nd2 Qc8 14. e3 Nf5 15. Qc2
Rd8 16. Bb2 a4 17. Ne2 Nd6 18. Bc3 Bh3 19. Rfc1 Bxg2 20. Kxg2 Qd7 21. Bb4 Rac8
22. Bc5 Nf7 23. Ne4 Kh8 24. d4 exd4 25. Nxd4 Re8 26. Rd1 Nd5 27. Nf3 Qf5 28. Qc4
Qxf3+ 29. Kxf3 Ne5+ 30. Kg2 Nxe3+ 31. fxe3 Nxc4 32. Rb4 Nxe3+ 33. Bxe3 Bxb4 34.
Kf3 Bxa3 35. Ra1 Bf8 36. Rxa4 c5 37. Rc4 b6 38. Bf4 Kg8 39. Nc3 Ra8 40. Nd5 Ra3+
41. Kg4 Rb3 42. Ra4 Rd8 43. Nxb6 Rxb5 44. Ra6 Rb4 45. Kf5 c4 46. Bc7 c3 47. Ra1
Kf7 0-1

[Event "Online Olym Top DivD 2020"]
[Site "chess.com INT"]
[Date "2020.08.21"]
[Round "2.3"]
[Board "1"]
[White "Banikas, Hristos"]
[Black "Pichot, Alan"]
[Result "0-1"]
[WhiteTitle "GM"]
[BlackTitle "GM"]
[WhiteElo "2601"]
[BlackElo "2630"]
[WhiteTeam "Greece"]
[BlackTeam "Argentina"]
[WhiteFideId "4202031"]
[BlackFideId "110973"]
[EventDate "2020.08.21"]
[EventType "team"]

1. d4 Nf6 2. c4 e6 3. Nf3 d5 4. g3 dxc4 5. Bg2 a6 6. O-O Nc6 7. e3 Rb8 8. Qe2 b5
9. b3 cxb3 10. axb3 Bb7 11. Bd2 Bd6 12. Rc1 O-O 13. Ne1 Qd7 14. Nd3 Rfe8 15. Bc3
e5 16. dxe5 Nxe5 17. Bxb7 Rxb7 18. Bxe5 Bxe5 19. Nc5 Qh3 20. Rxa6 Rbb8 21. Nd2
Bd6 22. Nd3 h5 23. Qf3 h4 24. e4 hxg3 25. hxg3 Rbd8 26. Nf4 Qh6 27. Rc2 Bxf4 28.
gxf4 Qg6+ 29. Kf1 Qh7 30. Rxf6 gxf6 31. f5 Qh6 32. Ke2 c5 33. Nf1 Rd4 34. Ng3
Red8 35. Qe3 Qh4 36. Rxc5 Rd1 37. Rd5 R1xd5 38. exd5 Rxd5 39. Kf3 Re5 40. Qd3
Kg7 41. Kg2 Qg4 42. Kh2 Re1 43. Kg2 Qd1 44. Qxb5 Qg4 45. Qd5 Rb1 46. Qd3 Rb2 47.
Qe3 Qd1 48. Qf3 Qxf3+ 49. Kxf3 Rxb3+ 50. Kg4 Kf8 51. Ne4 Ke7 52. f3 Rb5 53. Kf4
Rb6 54. Ke3 Kd7 55. Kd4 Kc7 56. Kc5 Ra6 57. Kd4 Ra5 58. Nxf6 Rxf5 59. Ne8+ Kd7
60. Ke4 Rg5 61. f4 Rg6 62. f5 Rh6 63. Ng7 Ke7 64. Ke5 Rh7 65. f6+ Kd7 66. Kd5
Rh1 67. Ke5 Rg1 68. Kf5 Ra1 69. Kg5 Kd6 70. Nf5+ Ke5 71. Nh6 Rg1+ 72. Ng4+ Ke4
73. Kh4 Kf4 0-1

[Event "Online Olym Top DivD 2020"]
[Site "chess.com INT"]
[Date "2020.08.21"]
[Round "2.3"]
[Board "3"]
[White "Tsolakidou, Stavroula"]
[Black "Besso, Guadalupe"]
[Result "1/2-1/2"]
[WhiteTitle "IM"]
[BlackTitle "WIM"]
[WhiteElo "2391"]
[BlackElo "2111"]
[WhiteTeam "Greece"]
[BlackTeam "Argentina"]
[WhiteFideId "4264312"]
[BlackFideId "123161"]
[EventDate "2020.08.21"]
[EventType "team"]

1. e4 c6 2. d4 d5 3. e5 Bf5 4. h4 h5 5. Bd3 Bxd3 6. Qxd3 e6 7. Bg5 Qa5+ 8. Nd2
Qa6 9. c4 Nd7 10. Ne2 Be7 11. Qc3 Bxg5 12. hxg5 Ne7 13. Nf4 g6 14. a4 Qb6 15. a5
Qd8 16. b3 Nf5 17. Nf3 O-O 18. Ne2 Qe7 19. c5 Rfc8 20. b4 b6 21. Qd2 bxc5 22.
dxc5 Rab8 23. Ned4 Rc7 24. a6 Rcc8 25. Ra5 Rc7 26. O-O Nf8 27. Nc2 Nh7 28. Qf4
d4 29. Nfxd4 Nxd4 30. Qxd4 Qxg5 31. Rd1 Rbc8 32. Ne3 Nf8 33. Nc4 Nd7 34. Ra3 Rb8
35. f4 Qg4 36. Ne3 Qe2 37. Raa1 Nf8 38. Rd2 Qb5 39. Rb1 Rd7 40. Qc3 Rbd8 41.
Rbd1 Qxa6 42. Rxd7 Rxd7 43. Rxd7 Nxd7 44. Qd4 Nf8 45. Nc4 Qa4 46. Nd6 a5 47. Qe4
Qxb4 48. Qxc6 Qe1+ 49. Kh2 Qh4+ 50. Kg1 Qe1+ 51. Kh2 Qh4+ 52. Kg1 Qe1+ 1/2-1/2

[Event "Online Olym Top DivD 2020"]
[Site "chess.com INT"]
[Date "2020.08.21"]
[Round "2.3"]
[Board "4"]
[White "Francisco Guecamburu, Candela Be"]
[Black "Botsari, Anna-Maria"]
[Result "0-1"]
[WhiteTitle "WFM"]
[BlackTitle "WGM"]
[WhiteElo "2034"]
[BlackElo "2222"]
[WhiteTeam "Argentina"]
[BlackTeam "Greece"]
[WhiteFideId "160911"]
[BlackFideId "4200446"]
[EventDate "2020.08.21"]
[EventType "team"]

1. e4 c5 2. Nf3 e6 3. d4 cxd4 4. Nxd4 Nc6 5. Nb5 d6 6. c4 Nf6 7. N1c3 a6 8. Na3
b6 9. Be2 Bb7 10. Be3 Be7 11. O-O O-O 12. Rc1 Rc8 13. f3 Ne5 14. Qe1 Re8 15. Qf2
Ned7 16. Rfd1 Qc7 17. Nc2 Bd8 18. b4 Qb8 19. Na4 Ba8 20. Nd4 Bc7 21. Qh4 Ne5 22.
b5 a5 23. Qh3 Ned7 24. Nb3 d5 25. c5 bxc5 26. Nbxc5 Nxc5 27. Rxc5 dxe4 28. Rdc1
Bd6 29. Rxc8 Rxc8 30. Rxc8+ Qxc8 31. Nb6 Qc3 32. Nc4 Qe1+ 33. Bf1 exf3 34. Bf2
Bc5 35. Bxc5 fxg2 36. Qd3 gxf1=Q+ 37. Qxf1 Qe4 38. Ne3 Qh1+ 39. Kf2 Ne4+ 40. Ke1
Qxf1+ 41. Kxf1 Nxc5 0-1

[Event "Online Olym Top DivD 2020"]
[Site "chess.com INT"]
[Date "2020.08.21"]
[Round "2.3"]
[Board "6"]
[White "Borda Rodas, Anapaola S."]
[Black "Avramidou, Anastasia"]
[Result "1/2-1/2"]
[WhiteTitle "WFM"]
[BlackTitle "FM"]
[WhiteElo "2138"]
[BlackElo "2267"]
[WhiteTeam "Argentina"]
[BlackTeam "Greece"]
[WhiteFideId "152781"]
[BlackFideId "4239873"]
[EventDate "2020.08.21"]
[EventType "team"]

1. e4 g6 2. d4 Bg7 3. Nc3 c6 4. f4 d5 5. e5 Nh6 6. Nf3 f6 7. h3 O-O 8. Bd3 Bf5
9. O-O e6 10. Ne2 c5 11. Bxf5 Nxf5 12. exf6 Bxf6 13. dxc5 Qc7 14. Qd3 Na6 15. c3
Nxc5 16. Qd1 Ne4 17. Kh2 Qb6 18. Qb3 Ne3 19. Bxe3 Qxe3 20. Rae1 Nc5 21. Qc2 Nd3
22. Rd1 Nxf4 23. Ng3 Qb6 24. Nd4 Bxd4 25. Rxd4 Qc7 26. Qd2 Nh5 27. Rxf8+ Rxf8
28. Qe3 Qd6 29. Rb4 b6 30. a3 Rf1 31. Rg4 Nf6 32. Rg5 Ne4 33. Rg4 Nxg3 34. Rxg3
Rf7 35. h4 Rf5 36. Kh3 Qe5 37. Qd3 Qf6 38. Rg4 Rf1 39. Qe3 Rf5 40. Qd3 Re5 41.
Qg3 Rf5 42. Qd3 1/2-1/2

[Event "Online Olym Top DivD 2020"]
[Site "chess.com INT"]
[Date "2020.08.21"]
[Round "2.4"]
[Board "1"]
[White "Delgado Ramirez, Neuris"]
[Black "So, Wesley"]
[Result "1/2-1/2"]
[WhiteTitle "GM"]
[BlackTitle "GM"]
[WhiteElo "2621"]
[BlackElo "2770"]
[WhiteTeam "Paraguay"]
[BlackTeam "United States of America"]
[WhiteFideId "3503631"]
[BlackFideId "5202213"]
[EventDate "2020.08.21"]
[EventType "team"]

1. e4 e5 2. Nf3 Nf6 3. Nxe5 d6 4. Nd3 Nxe4 5. Qe2 Qe7 6. Nf4 Nc6 7. Nd5 Nd4 8.
Nxe7 Nxe2 9. Bxe2 Bxe7 10. d3 Nf6 11. Nc3 c6 12. O-O d5 13. Re1 Be6 14. Bf3 O-O
15. Ne2 Rfe8 16. Bd2 a5 17. Nd4 Bd7 18. a4 Kf8 19. h3 h6 20. Nb3 b6 21. Bf4 Rac8
22. Nd4 Bc5 23. Nb3 Be7 24. Nd4 Bc5 25. Nb3 Be7 1/2-1/2

[Event "Online Olym Top DivD 2020"]
[Site "chess.com INT"]
[Date "2020.08.21"]
[Round "2.4"]
[Board "2"]
[White "Robson, Ray"]
[Black "Vazquez, Guillermo"]
[Result "0-1"]
[WhiteTitle "GM"]
[BlackTitle "IM"]
[WhiteElo "2673"]
[BlackElo "2527"]
[WhiteTeam "United States of America"]
[BlackTeam "Paraguay"]
[WhiteFideId "2023970"]
[BlackFideId "3702308"]
[EventDate "2020.08.21"]
[EventType "team"]

1. e4 c6 2. d4 d5 3. e5 Bf5 4. Nf3 e6 5. Be2 c5 6. Be3 Qb6 7. Nc3 Nc6 8. Na4
Qa5+ 9. c3 c4 10. b4 Qd8 11. O-O h6 12. Nb2 Nge7 13. a4 Bh7 14. Qd2 Nf5 15. Bd1
Rc8 16. Qe2 Be7 17. Bc2 O-O 18. Rae1 Bxb4 19. cxb4 Nxb4 20. Bb1 c3 21. Nd3 c2
22. Nxb4 cxb1=Q 23. Rxb1 Nxe3 24. fxe3 Bxb1 25. Rxb1 Qa5 26. Nd3 Qxa4 27. Rxb7
Rb8 28. Rxb8 Rxb8 29. h3 Qc4 30. Qd2 Rb3 31. Nc5 Rb1+ 32. Kh2 Qc1 33. Qd3 Qh1+
34. Kg3 Rb2 35. Nh4 g5 36. Nd7 gxh4+ 37. Kxh4 Qxg2 38. Nf6+ Kf8 39. Qa3+ Kg7 40.
Ne8+ Kg6 41. Qd3+ Qe4+ 0-1

[Event "Online Olym Top DivD 2020"]
[Site "chess.com INT"]
[Date "2020.08.21"]
[Round "2.4"]
[Board "3"]
[White "Perez Rodriguez, Jennifer"]
[Black "Yip, Carissa"]
[Result "0-1"]
[WhiteTitle "WIM"]
[BlackTitle "IM"]
[WhiteElo "2251"]
[BlackElo "2421"]
[WhiteTeam "Paraguay"]
[BlackTeam "United States of America"]
[WhiteFideId "3507831"]
[BlackFideId "2090732"]
[EventDate "2020.08.21"]
[EventType "team"]

1. e4 e5 2. Nf3 Nc6 3. Bc4 Nf6 4. d3 h6 5. c3 d6 6. O-O g5 7. Re1 g4 8. Nfd2 h5
9. Nf1 Bh6 10. Bxh6 Rxh6 11. d4 h4 12. Bb5 Bd7 13. dxe5 Nxe5 14. Bxd7+ Qxd7 15.
Nbd2 O-O-O 16. Qe2 Nh5 17. Qe3 Rdh8 18. Nb3 Kb8 19. Nd4 Rf6 20. Red1 g3 21. f3
h3 22. hxg3 hxg2 23. Kxg2 Nxg3 24. Kxg3 Qh3+ 25. Kf2 Ng4+ 0-1

[Event "Online Olym Top DivD 2020"]
[Site "chess.com INT"]
[Date "2020.08.21"]
[Round "2.4"]
[Board "5"]
[White "Heinechen, Juan"]
[Black "Xiong, Jeffery"]
[Result "0-1"]
[BlackTitle "GM"]
[WhiteElo "2146"]
[BlackElo "2709"]
[WhiteTeam "Paraguay"]
[BlackTeam "United States of America"]
[WhiteFideId "3701018"]
[BlackFideId "2047640"]
[EventDate "2020.08.21"]
[EventType "team"]

1. e4 c5 2. Nf3 e6 3. d4 cxd4 4. Nxd4 Nc6 5. Nxc6 bxc6 6. Bd3 Nf6 7. O-O d5 8.
Nd2 Be7 9. b3 O-O 10. Bb2 a5 11. Qe2 a4 12. Rae1 Nd7 13. c4 axb3 14. axb3 Ra2
15. Rb1 Nc5 16. Rfd1 Ba6 17. Bd4 dxc4 18. Bxc5 c3 19. Bxa6 Bxc5 20. Qc4 c2 21.
Qxc5 Qxd2 22. Rf1 cxb1=Q 23. Rxb1 Rxa6 0-1

[Event "Online Olym Top DivD 2020"]
[Site "chess.com INT"]
[Date "2020.08.21"]
[Round "2.4"]
[Board "6"]
[White "Wang, Annie"]
[Black "Montiel Caceres, Helen"]
[Result "1/2-1/2"]
[WhiteTitle "IM"]
[WhiteElo "2384"]
[BlackElo "1599"]
[WhiteTeam "United States of America"]
[BlackTeam "Paraguay"]
[WhiteFideId "2053900"]
[BlackFideId "3707121"]
[EventDate "2020.08.21"]
[EventType "team"]

1. d4 Nf6 2. c4 g6 3. Nc3 Bg7 4. e4 d6 5. Nf3 O-O 6. Be2 e5 7. Be3 Nc6 8. d5 Ne7
9. Nd2 Nd7 10. b4 f5 11. f3 f4 12. Bf2 Nf6 13. c5 g5 14. Nc4 Ng6 15. cxd6 cxd6
16. Nb5 Ne8 17. Nxa7 Bd7 18. Nb6 Rb8 19. Nxd7 Qxd7 20. Nb5 Nf6 21. Rc1 Rfc8 22.
O-O g4 23. Qd3 g3 24. hxg3 Nh5 25. g4 Ng3 26. Rfd1 Rxc1 27. Rxc1 Qe7 28. Ba7 Rd8
29. Bb6 Ra8 30. Rc2 Qh4 31. Nc7 Qh1+ 32. Kf2 Rc8 33. Ne6 Rxc2 34. Qxc2 Bf8 35.
Qc4 Nh4 36. Bf1 Ng6 37. Bd8 Be7 38. Bxe7 Nxe7 39. Ke1 Qg1 40. a4 Qe3+ 41. Be2
Qg1+ 42. Kd2 Qe3+ 43. Kd1 Qg1+ 44. Kc2 Qxg2 45. Kd2 Qg1 46. a5 Qe3+ 47. Kd1 Qg1+
48. Kc2 Qf2 49. Kd2 Qe3+ 50. Kd1 Qg1+ 51. Kd2 Qe3+ 1/2-1/2

[Event "Online Olym Top DivD 2020"]
[Site "chess.com INT"]
[Date "2020.08.21"]
[Round "2.5"]
[Board "1"]
[White "Dvirnyy, Danyyil"]
[Black "Supi, Luis Paulo"]
[Result "1/2-1/2"]
[WhiteTitle "GM"]
[BlackTitle "GM"]
[WhiteElo "2485"]
[BlackElo "2572"]
[WhiteTeam "Italy"]
[BlackTeam "Brazil"]
[WhiteFideId "817570"]
[BlackFideId "2106388"]
[EventDate "2020.08.21"]
[EventType "team"]

1. d4 Nf6 2. Bg5 e6 3. e4 h6 4. Bxf6 Qxf6 5. c3 d6 6. Bd3 e5 7. Ne2 g6 8. O-O
Bg7 9. f4 Qe7 10. Nd2 O-O 11. Nf3 Nc6 12. h3 exd4 13. Nexd4 Bd7 14. Nc2 Rae8 15.
Qd2 Qd8 16. Rae1 Kh8 17. Ne3 Ne7 18. Bc2 Ng8 19. Nd5 Bc8 20. Qf2 c6 21. Ne3 Nf6
22. e5 Nh5 23. Nc4 Nxf4 24. Nxd6 Re7 25. Nh4 g5 26. Nxc8 Qxc8 27. Nf5 Rxe5 28.
Rxe5 Bxe5 29. Qf3 Qe6 30. g3 Nd5 31. Qh5 Bg7 32. Rf2 Qe1+ 33. Rf1 Qe6 34. Rf2
Qe1+ 35. Rf1 Qe6 1/2-1/2

[Event "Online Olym Top DivD 2020"]
[Site "chess.com INT"]
[Date "2020.08.21"]
[Round "2.5"]
[Board "2"]
[White "Fier, Alexandr"]
[Black "Valsecchi, Alessio"]
[Result "1/2-1/2"]
[WhiteTitle "GM"]
[BlackTitle "GM"]
[WhiteElo "2560"]
[BlackElo "2491"]
[WhiteTeam "Brazil"]
[BlackTeam "Italy"]
[WhiteFideId "2107139"]
[BlackFideId "818860"]
[EventDate "2020.08.21"]
[EventType "team"]

1. c4 g6 2. e4 Bg7 3. d4 d6 4. Nc3 Nf6 5. Be2 O-O 6. Bg5 Na6 7. f4 c5 8. d5 h6
9. Bh4 Qe8 10. Nf3 e6 11. e5 dxe5 12. fxe5 Ng4 13. Qd2 Nxe5 14. Nxe5 Bxe5 15.
Qxh6 Nb4 16. O-O exd5 17. Rae1 Bg7 18. Qd2 d4 19. Bf3 dxc3 20. bxc3 Qd7 21. Qxd7
Bxd7 22. cxb4 cxb4 23. Bxb7 Rab8 24. Bd5 Be6 25. Bxe6 fxe6 26. Rxf8+ Rxf8 27.
Bf2 Kf7 28. Rd1 a5 29. Rd7+ Kg8 30. c5 Rc8 31. Kf1 Bf8 32. Ra7 Bxc5 33. Rxa5
Bxf2 34. Kxf2 Rc2+ 35. Kf3 Kf7 36. h4 Rc3+ 37. Kf4 Kf6 38. g4 Rc4+ 39. Kf3 Rc3+
40. Kf4 Rc4+ 41. Kf3 Rc3+ 42. Kf4 1/2-1/2

[Event "Online Olym Top DivD 2020"]
[Site "chess.com INT"]
[Date "2020.08.21"]
[Round "2.5"]
[Board "4"]
[White "Alboredo, Julia"]
[Black "Brunello, Marina"]
[Result "0-1"]
[WhiteTitle "WFM"]
[BlackTitle "IM"]
[WhiteElo "2182"]
[BlackElo "2368"]
[WhiteTeam "Brazil"]
[BlackTeam "Italy"]
[WhiteFideId "2124807"]
[BlackFideId "822590"]
[EventDate "2020.08.21"]
[EventType "team"]

1. e4 c5 2. Nf3 d6 3. d4 cxd4 4. Nxd4 Nf6 5. Nc3 a6 6. Be3 e5 7. Nb3 Be6 8. Qd2
Nbd7 9. O-O-O Rc8 10. Kb1 Be7 11. f4 b5 12. f5 Bc4 13. g4 b4 14. Nd5 Bxd5 15.
exd5 Nxg4 16. Rg1 Nxe3 17. Qxe3 Bf6 18. Bxa6 Ra8 19. Bb7 Rb8 20. Bc6 O-O 21.
Bxd7 Qxd7 22. Nd2 Bd8 23. f6 Bxf6 24. Ne4 Bd8 25. Qh6 f5 26. Qxd6 Qxd6 27. Nxd6
e4 28. Rdf1 Bb6 29. Rg5 e3 30. Nxf5 g6 31. Ne7+ Kh8 32. Rc1 Bc5 33. Re5 Rbe8 34.
d6 Bxd6 35. Rxe3 Rxe7 36. Rxe7 Bxe7 37. Re1 Bd6 38. h3 Kg7 39. c3 bxc3 40. bxc3
Rf3 41. Kc2 Rxh3 42. Re6 Bf4 43. a4 g5 44. a5 Re3 45. Rb6 Re7 46. a6 Be3 47. Rc6
g4 48. Kd3 h5 49. c4 g3 50. c5 g2 51. a7 Rxa7 0-1

[Event "Online Olym Top DivD 2020"]
[Site "chess.com INT"]
[Date "2020.08.21"]
[Round "2.5"]
[Board "6"]
[White "Frattini, Beatriz Maria"]
[Black "Grimaldi, Angela Flavia"]
[Result "0-1"]
[WhiteTitle "WCM"]
[WhiteElo "1868"]
[BlackElo "2070"]
[WhiteTeam "Brazil"]
[BlackTeam "Italy"]
[WhiteFideId "22715002"]
[BlackFideId "2805214"]
[EventDate "2020.08.21"]
[EventType "team"]

1. e4 c5 2. Nf3 g6 3. d4 cxd4 4. Nxd4 Nc6 5. Nc3 Bg7 6. Be3 Nf6 7. Bc4 O-O 8.
Bb3 d6 9. f3 Nxd4 10. Bxd4 Be6 11. Qd2 Qa5 12. O-O-O b5 13. Kb1 b4 14. Nd5 Bxd5
15. exd5 Qb5 16. Rhe1 a5 17. Qe2 Qxe2 18. Rxe2 a4 19. Bc4 Rfc8 20. b3 Rc7 21. g4
axb3 22. Bxb3 Kf8 23. g5 Nh5 24. Re4 Rb8 25. f4 f5 26. gxf6 Bxf6 27. Bxf6 Nxf6
28. Re3 Rb5 29. f5 Ng4 30. Rg3 Ne5 31. fxg6 hxg6 32. Rd4 Rb8 33. Re4 Kg7 34. h4
Kh6 35. Rg5 Rcb7 36. Rg3 Rf8 37. Rg1 Nf3 38. Rd1 Rf5 39. Kb2 Kh5 40. Rh1 Ne5 41.
Rh3 Rb8 42. Ba4 Rb6 43. Bb3 Rb7 44. Ba4 Ng4 45. Bc6 Rc7 46. Rxb4 Nf6 47. Re3
Nxd5 48. Bxd5 Rxd5 49. Re6 Rdc5 50. Re2 e5 51. Rb6 R7c6 52. Rb4 Rc4 53. Rxc4
Rxc4 54. Kb3 Rxh4 55. a4 Kg5 56. a5 Kf5 57. a6 g5 58. a7 Rh8 59. Rd2 Ke6 60. Rd1
Ra8 61. Ra1 g4 62. Kc4 g3 63. Kd3 g2 64. Rg1 Rxa7 65. Rxg2 Ra3+ 66. Kd2 Kd5 67.
Rg5 Rh3 68. Rg2 Kd4 69. Re2 e4 70. c3+ Rxc3 71. Rh2 Rf3 72. Ke2 d5 73. Rh5 Ra3
74. Rh8 Ra2+ 75. Kd1 Kd3 76. Ke1 e3 77. Kf1 e2+ 78. Kf2 Ra1 79. Re8 Rf1+ 0-1

[Event "Online Olym Top DivD 2020"]
[Site "chess.com INT"]
[Date "2020.08.21"]
[Round "3.1"]
[Board "1"]
[White "Supi, Luis Paulo"]
[Black "Quesada Perez, Luis Ernesto"]
[Result "0-1"]
[WhiteTitle "GM"]
[BlackTitle "GM"]
[WhiteElo "2572"]
[BlackElo "2542"]
[WhiteTeam "Brazil"]
[BlackTeam "Cuba"]
[WhiteFideId "2106388"]
[BlackFideId "3520773"]
[EventDate "2020.08.21"]
[EventType "team"]

1. e4 e6 2. d4 d5 3. Nd2 c5 4. exd5 Qxd5 5. Ngf3 cxd4 6. Bc4 Qd7 7. O-O Nc6 8.
Nb3 a6 9. Nbxd4 Nxd4 10. Nxd4 Nf6 11. Re1 Bc5 12. c3 b5 13. Bb3 Bxd4 14. cxd4
Bb7 15. Bf4 O-O 16. Be5 Nd5 17. Qh5 f6 18. Bg3 Rac8 19. Re2 Rfe8 20. Rae1 a5 21.
a3 a4 22. Ba2 b4 23. axb4 Nxb4 24. Bb1 g6 25. Qg4 Rc4 26. Bxg6 hxg6 27. Qxg6+
Kf8 28. Bf4 Bd5 29. Qxf6+ Qf7 30. Qh4 Qg6 31. Bg3 Nc2 32. Rd1 Nxd4 33. Qh8+ Kf7 0-1

[Event "Online Olym Top DivD 2020"]
[Site "chess.com INT"]
[Date "2020.08.21"]
[Round "3.1"]
[Board "3"]
[White "Terao, Juliana Sayumi"]
[Black "Forgas Moreno, Yaniela"]
[Result "0-1"]
[WhiteTitle "FM"]
[BlackTitle "WIM"]
[WhiteElo "2252"]
[BlackElo "2310"]
[WhiteTeam "Brazil"]
[BlackTeam "Cuba"]
[WhiteFideId "2109220"]
[BlackFideId "3508072"]
[EventDate "2020.08.21"]
[EventType "team"]

1. e4 c5 2. c3 d6 3. d4 Nf6 4. Bd3 Nc6 5. Nf3 g6 6. h3 Bg7 7. O-O O-O 8. d5 Nb8
9. Qc2 Nbd7 10. c4 e5 11. dxe6 fxe6 12. Nc3 Nh5 13. Bg5 Bf6 14. Bh6 Rf7 15. Rad1
Ne5 16. Be2 Nc6 17. Nb5 Rd7 18. e5 dxe5 19. Qe4 Qe7 20. g4 Nf4 21. Bxf4 exf4 22.
Qxf4 a6 23. Nc3 Nd4 24. Bd3 Rd8 25. Qe3 Nxf3+ 26. Qxf3 Bd4 27. Qe2 Rf8 28. Kg2
Bd7 29. f4 Qh4 30. Be4 Rab8 31. Qd2 e5 32. fxe5 Bxg4 33. Bd5+ Kh8 34. hxg4 Qxg4+
35. Kh1 Bxe5 36. Qg2 Qh4+ 37. Kg1 Bd4+ 38. Rxd4 Qxd4+ 39. Kh2 Qh4+ 40. Kg1 Qd4+
41. Kh2 Qe5+ 42. Kg1 Kg7 43. Ne4 Rf4 44. Ng5 Rxf1+ 45. Kxf1 Rf8+ 46. Kg1 Qd4+
47. Kh2 Qh4+ 48. Kg1 Qe1+ 49. Kh2 Rf2 0-1

[Event "Online Olym Top DivD 2020"]
[Site "chess.com INT"]
[Date "2020.08.21"]
[Round "3.2"]
[Board "2"]
[White "Lodici, Lorenzo"]
[Black "Shankland, Sam"]
[Result "0-1"]
[WhiteTitle "IM"]
[BlackTitle "GM"]
[WhiteElo "2489"]
[BlackElo "2691"]
[WhiteTeam "Italy"]
[BlackTeam "United States of America"]
[WhiteFideId "884189"]
[BlackFideId "2004887"]
[EventDate "2020.08.21"]
[EventType "team"]

1. e4 c5 2. Nc3 e6 3. Nge2 Nc6 4. g3 Nf6 5. Bg2 Be7 6. O-O O-O 7. h3 d6 8. d3
Rb8 9. Be3 b5 10. a3 a5 11. Qd2 b4 12. axb4 axb4 13. Na4 Qc7 14. g4 e5 15. f4
exf4 16. Nxf4 Be6 17. g5 Nd7 18. h4 Nde5 19. Kh1 Qd7 20. b3 f6 21. Nb2 fxg5 22.
Nxe6 Qxe6 23. hxg5 Nd4 24. Nc4 Qg4 25. Bxd4 cxd4 26. Nxe5 Qh5+ 27. Kg1 Bxg5 28.
Qxg5 Qxg5 29. Nc4 Rxf1+ 30. Rxf1 Rf8 0-1

[Event "Online Olym Top DivD 2020"]
[Site "chess.com INT"]
[Date "2020.08.21"]
[Round "3.2"]
[Board "3"]
[White "Zatonskih, Anna"]
[Black "Zimina, Olga"]
[Result "1/2-1/2"]
[WhiteTitle "IM"]
[BlackTitle "IM"]
[WhiteElo "2420"]
[BlackElo "2378"]
[WhiteTeam "United States of America"]
[BlackTeam "Italy"]
[WhiteFideId "14101572"]
[BlackFideId "4132190"]
[EventDate "2020.08.21"]
[EventType "team"]

1. d4 Nf6 2. Nf3 d5 3. c4 c6 4. Qc2 dxc4 5. Qxc4 Bf5 6. g3 e6 7. Bg2 Nbd7 8. O-O
Be7 9. Qb3 Qb6 10. Nbd2 O-O 11. Nc4 Qa6 12. Bf4 Nd5 13. Bd6 N7b6 14. Nfe5 Rad8
15. Bxe7 Nxe7 16. Rfd1 f6 17. Nxb6 Qxb6 18. Nc4 Qxb3 19. axb3 Nc8 20. b4 Rd7 21.
e3 Rfd8 22. Rdc1 a6 23. Na5 Nd6 24. Nb3 Bg6 25. Nc5 Re7 26. Bh3 Bf7 27. Rd1 Nb5
28. Rac1 Kf8 29. f4 Ke8 30. Kf2 Rb8 31. Ne4 Rd8 32. Nc5 Rb8 33. Ne4 Rd8 34. Nc5 1/2-1/2

[Event "Online Olym Top DivD 2020"]
[Site "chess.com INT"]
[Date "2020.08.21"]
[Round "3.2"]
[Board "4"]
[White "Sedina, Elena"]
[Black "Abrahamyan, Tatev"]
[Result "1/2-1/2"]
[WhiteTitle "IM"]
[BlackTitle "WGM"]
[WhiteElo "2299"]
[BlackElo "2358"]
[WhiteTeam "Italy"]
[BlackTeam "United States of America"]
[WhiteFideId "812153"]
[BlackFideId "13301918"]
[EventDate "2020.08.21"]
[EventType "team"]

1. e4 e6 2. d4 d5 3. e5 c5 4. c3 Nc6 5. Nf3 Qb6 6. a3 Bd7 7. b4 cxd4 8. cxd4 Rc8
9. Be3 Nge7 10. Bd3 Nf5 11. O-O Nxe3 12. fxe3 g6 13. Qe1 Bh6 14. Nc3 Ne7 15. e4
O-O 16. Kh1 Bg7 17. Rc1 Bc6 18. Qh4 f6 19. Qh3 Bd7 20. exd5 fxe5 21. dxe5 Rxc3
22. Rxc3 Nxd5 23. Ng5 Rxf1+ 24. Bxf1 h6 25. Ne4 Nxc3 26. Qxc3 Qc6 27. Qxc6 Bxc6
28. Nc5 Bd5 29. Nd3 Bc4 30. Kg1 Kf7 31. Kf2 Bxd3 32. Bxd3 Bxe5 33. a4 Kf6 34.
Kf3 Bxh2 35. Be4 b6 36. Bb7 a5 37. bxa5 bxa5 38. Bc6 h5 39. Be8 Bg1 40. Ke4 Bf2
41. Kf3 Be1 42. Ke4 Bb4 43. Bd7 g5 44. Be8 h4 45. Bh5 Bc3 46. Bg4 e5 47. Kd5 Bd2
48. Ke4 Bf4 49. Kd5 Ke7 50. Bf5 Kf6 51. Bg4 Kg6 52. Ke4 Kf6 53. Kd5 1/2-1/2